000 00394nam a2200145Ia 4500
008 211109s9999||||xx |||||||||||||| ||und||
082 _a894.8121
_bSUG-K.
100 _aSugatha Kumari,
245 0 _aKurinji Pookkal
260 _bDC Books
_aKottayam
_c1987
300 _a108p
630 _xGENERAL STACK
650 _aMALAYALAM
_vMALAYALAM LITERATURE
_xMalayalam PoetryMalayalam
942 _cBOOK
999 _c38865
_d38865